00229nam a2200109Ia 4500008004100000100001200041245001300053260001700066650001200083942000700095999001700102190216s9999||||xx |||||||||||||| ||und|| aEskilas 0aPromesus bNbs Kottayam aNadakam cBK c24875d24875